Skip to content
VuFind
All Fields
Title
Author
Subject
Call Number
ISBN/ISSN
Tag
Accession No
Find
Advanced
Practical personnel a administ...
Cite this
Print
Export Record
Export to RefWorks
Export to EndNoteWeb
Export to EndNote
Export to MARC
Export Ready —
Practical personnel a administration skills
Bibliographic Details
Format:
Book
Language:
English
Holdings
Description
Similar Items
Staff View
MARC
LEADER
00000cam a2200000 7i4500
001
0000001701
008
110518s200? my eng
050
0
0
|a
On order
090
0
0
|a
On order
245
0
0
|a
Practical personnel a administration skills
300
|a
1 v.
|c
30 cm
999
|a
1000055317
|b
Book
|c
Reference
|e
Gong Badak Campus
Similar Items
Reading skill builder
Published: (1985)
Personnel administration : an experiential skill-building approach
by: Beatty, Richard W., et al.
Published: (1981)
Knowledge, attitude and practices on nutritional level among obese children in the state of Kuala Terengganu
by: Nur Khairiyah Hendry Muslim
A review of good web interface design
by: Juanita Abdullah Sani
A fourteenth century encyclopedist from Alexandria : a critical and analytical study of Al-Nuwairy Al-Iskandarani's "Kitab Al-Ilmam"
by: Aziz S. Atiya
Published: (1977)